| 000 | 01001nam a2200181 a 4500 | ||
|---|---|---|---|
| 008 | 120416s0000 ||||||||||||||||| || u | ||
| 020 | _a0340234423 | ||
| 050 | _aHF 5661 Mil | ||
| 100 | _aMiller, Derek P | ||
| 245 | 1 | 0 | _aObjective tests in the principles of accounts |
| 260 |
_aLondon _bHodder and Stoughton _c1979 |
||
| 300 | _a[iv], 76p. : ill. | ||
| 350 | _a0.00 | ||
| 995 |
_D0.00 _FCBU-MAIN LIBRARY (Kitwe) _H1 _I1.25 _M2 _ULOST _ZMain Library Open Access Collection |
||
| 995 |
_D0.00 _FCBU-MAIN LIBRARY (Kitwe) _H4 _I1.25 _M4 _ULOST _ZMain Library Open Access Collection |
||
| 995 |
_D0.00 _FCBU-MAIN LIBRARY (Kitwe) _H2 _I1.25 _M1 _UAVAILABLE _ZMain Library Open Access Collection |
||
| 995 |
_D0.00 _FCBU-MAIN LIBRARY (Kitwe) _H3 _I1.25 _M3 _UAVAILABLE _ZMain Library Open Access Collection |
||
| 999 |
_c81538 _d81538 |
||